| 000 | 00577nam a22001937a 4500 | ||
|---|---|---|---|
| 999 |
_c3998 _d3998 |
||
| 003 | AR-CdUCM | ||
| 008 | 190307b ||||| |||| 00| 0 spa d | ||
| 040 |
_aMUNICIPALIDAD PROVINCIAL DEL CUSCO _cBIBLIOTECA MUNICIPAL DEL CUSCO |
||
| 082 |
_a808.8 / _bC46 |
||
| 100 |
_aCela, Camilo José _9347 |
||
| 245 | _aLa colmena / | ||
| 260 |
_aBogotá : _bLa oveja Negra, _c1983. |
||
| 300 |
_a304 páginas ; _c19 cm. |
||
| 440 |
_aHistoria universal de la literatura. _n36 _912776 |
||
| 650 |
_aNovelas españolas _9584 |
||
| 650 |
_aSiglo XX _98 |
||
| 942 |
_2ddc _cLIBROS |
||
| 945 | _azta | ||